000
00283nam a2200109Ia 4500
008
220204s9999 xx 000 0 und d
082
_a
581:001.814
_b
ADV.4
245
0
_a
Advances in botanical research. V 4.
260
_a
London
_b
Academic
_c
1977
650
_a
Plant lectin
942
_c
BK
999
_c
33408
_d
33408